| 000 | 00680nam a22002297a 4500 | ||
|---|---|---|---|
| 001 | BD-DhSAU 2359 | ||
| 003 | BD-DhSAU | ||
| 005 | 20150301093915.0 | ||
| 008 | 150127b1984 ii a|||| |||| 001 0 eng d | ||
| 040 | _aBD-DhSAU | ||
| 082 |
_222 _a636.085 _bMOF |
||
| 100 | _aMorrison, Frank B. | ||
| 245 |
_aFeeds and feeding : _ba handbook for the student and stockman / _cFrank B. Morrison |
||
| 250 | _a22nd & First Indian edition. | ||
| 260 |
_aDelhi : _bCBS Pub. & Distributors , _cc1984. |
||
| 300 |
_avi, 1207 p. : _bill. ; _c22 cm. |
||
| 500 | _aNew arrival 2014 | ||
| 504 | _aIncludes index. | ||
| 590 | _a Jerin | ||
| 650 | _aAnimal Husbandry | ||
| 650 | _aFeeds and feeding | ||
| 942 |
_2ddc _cBOOK |
||
| 999 |
_c2359 _d2359 |
||